LEADER 00786nam0-22002891i-450- 001 990001193340403321 005 20120510141230.0 035 $a000119334 035 $aFED01000119334 035 $a(Aleph)000119334FED01 035 $a000119334 100 $a20001205d1964----km-y0itay50------ba 101 0 $aita 200 1 $aTopologia$e650 problemi risolti$fSeymour Lipschutz 210 $aNew York$cSchaum Publishing Company$d1964 225 1 $aSchaum's outline series 610 0 $aTopologia$aManuali 676 $a514.076 700 1$aLipschutz,$bSeymour$01221 801 0$aIT$bUNINA$gRICA$2UNIMARC 901 $aBK 912 $a990001193340403321 952 $aSCHAUM-39-(A$b19830$fMA1 959 $aMA1 962 $a54-01 996 $aGeneral topology$928498 997 $aUNINA LEADER 02212nam 2200649Ia 450 001 9910778428703321 005 20230617042354.0 010 $a1-282-40883-6 010 $a9786612408830 010 $a0-313-05762-1 035 $a(CKB)1000000000807028 035 $a(OCoLC)648489331 035 $a(CaPaEBR)ebrary10349984 035 $a(SSID)ssj0000341362 035 $a(PQKBManifestationID)11265826 035 $a(PQKBTitleCode)TC0000341362 035 $a(PQKBWorkID)10390590 035 $a(PQKB)11499569 035 $a(MiAaPQ)EBC3001385 035 $a(Au-PeEL)EBL3001385 035 $a(CaPaEBR)ebr10349984 035 $a(CaONFJC)MIL240883 035 $a(OCoLC)748208261 035 $a(EXLCZ)991000000000807028 100 $a20021209d2003 uy 0 101 0 $aeng 135 $aurcn||||||||| 181 $ctxt 182 $cc 183 $acr 200 10$aPerforming opposition$b[electronic resource] $emodern theater and the scandalized audience /$fNeil Blackadder 210 $aWestport, Conn. $cPraeger$dc2003 215 $a1 online resource (248 p.) 300 $aBibliographic Level Mode of Issuance: Monograph 311 $a0-275-98056-1 320 $aIncludes bibliographical references (p. [213]-219) and index. 606 $aEuropean drama$y20th century$xHistory and criticism 606 $aEuropean drama$y19th century$xHistory and criticism 606 $aExperimental theater$zEurope$xHistory$y20th century 606 $aExperimental theater$zEurope$xHistory$y19th century 606 $aTheater audiences$zEurope$xHistory$y20th century 606 $aTheater audiences$zEurope$xHistory$y19th century 615 0$aEuropean drama$xHistory and criticism. 615 0$aEuropean drama$xHistory and criticism. 615 0$aExperimental theater$xHistory 615 0$aExperimental theater$xHistory 615 0$aTheater audiences$xHistory 615 0$aTheater audiences$xHistory 676 $a809.2/04 700 $aBlackadder$b Neil Martin$f1963-$01554948 801 0$bMiAaPQ 801 1$bMiAaPQ 801 2$bMiAaPQ 906 $aBOOK 912 $a9910778428703321 996 $aPerforming opposition$93816541 997 $aUNINA LEADER 04678nam 2200625 450 001 9910808303303321 005 20230607222637.0 010 $a1-4698-7903-4 035 $a(CKB)1000000000753625 035 $a(EBL)3418686 035 $a(SSID)ssj0000353324 035 $a(PQKBManifestationID)12069984 035 $a(PQKBTitleCode)TC0000353324 035 $a(PQKBWorkID)10287955 035 $a(PQKB)11364205 035 $a(MiAaPQ)EBC3418686 035 $a(Au-PeEL)EBL3418686 035 $a(CaPaEBR)ebr10865246 035 $a(CaONFJC)MIL80631 035 $a(OCoLC)56607139 035 $a(EXLCZ)991000000000753625 100 $a20140508h20022002 uy 0 101 0 $aeng 135 $aur|n|---||||| 181 $ctxt 182 $cc 183 $acr 200 00$aNeuropsychopharmacology $ean official publication of the American College of Neuropsychopharmacology /$fKenneth L. Davis [and three others], editors 205 $aFifth edition. 210 1$aPhiladelphia, Pennsylvania :$cLippincott Williams & Wilkins,$d2002. 210 4$dİ2002 215 $a1 online resource (2054 p.) 300 $aDescription based upon print version of record. 311 $a0-7817-2837-1 320 $aIncludes bibliographical references and index. 327 $a""Cover""; ""Copyright""; ""Editors ""; ""Preface""; ""Contents""; ""Section I - Neurotransmitters and Signal Transduction""; ""Neurotransmitters and Signal Transduction - Introduction""; ""1 - Acetylcholine""; ""2 - Serotonin""; ""3 - Opioid Peptides and Their Receptors: Overview and Function in Pain Modulation""; ""4 - Norepinephrine""; ""5 - Regulation of G Protein-Coupled Receptors by Phosphorylation and Endocytosis""; ""6 - The Diverse Roles of L-Glutamic Acid in Brain Signal Transduction"" 327 $a""7 - Corticotropin-Releasing Factor: Physiology, Pharmacology, and Role in Central Nervous System Disorders""""8 - Neurogenesis in Adult Brain""; ""9 - Dopamine""; ""10 - Astrocytes""; ""11 - Synaptic Plasticity""; ""12 - Gaba""; ""13 - Substance P and Related Tachykinins""; ""14 - Histamine""; ""15 - Purinergic Neurotransmission""; ""16 - Neurotrophic Factors and Intracellular Signal Transduction Pathways""; ""17 - Regulation of Gene Expression""; ""Section II - Emerging Methods in Molecular Biology and Genetics""; ""Emerging Methods in Molecular Biology and Genetics - Introduction"" 327 $a""18 - Using Human Genomics to Advance Neuropsychopharmacology""""19 - Gene Targeting and Transgenic Technologies""; ""20 - Gene Delivery into the Brain Using Viral Vectors""; ""21 - Neuropsychopharmacology of Worms and Flies""; ""22 - Beyond Binding: Molecular and Cell Biological Approaches to Studying G-Proteina???Coupled Receptors""; ""23 - Applying Functional Genomics to Neuropsychopharmacology""; ""Section III - Emerging Imaging Technologies and Their Application to Psychiatric Research""; ""Emerging Imaging Technologies and Their Application to Psychiatric Research -Introduction"" 327 $a""24 - Automated 3D Analysis of Large Brain Mri Databases""""25 - In Vivo Magnetic Resonance Spectroscopy Studies of the Glutamate and Gaba Neurotransmitter Cycles and Functional Neuroenergetics""; ""26 - The Spatial, Temporal, and Interpretive Limits of Functional MRI""; ""27 - Diffusion Tensor Imaging""; ""28 - Activation Paradigms in Affective and Cognitive Neuroscience: Probing the Neuronal Circuitry Underlying Mood and Anxiety Disorders""; ""29 - Interactions Among Neuronal Systems Assessed with Functional Neuroimaging"" 327 $a""30 - Measuring Brain Connectivity with Functional Imaging and Transcranial Magnetic Stimulation""""31 - In Vivo Molecular Imaging: Ligand Development and Research Applications""; ""32 - Event-Related Potentials and Magnetic Fields in the Human Brain""; ""Section IV - Drug Discovery and Evaluation""; ""Drug Discovery and Evaluation - Introduction""; ""33 - The Role of Preclinical Models in the Development of Psychotropic Drugs""; ""34 - Proof of Concept: Functional Models for Drug Development in Humans ""; ""35 - Ethical Aspects of Neuropsychiatric Research with Human Subjects"" 327 $a""36 - Regulatory Issues"" 606 $aNeuropsychopharmacology 606 $aNeurobehavioral disorders 615 0$aNeuropsychopharmacology. 615 0$aNeurobehavioral disorders. 676 $a616.8/0461 702 $aDavis$b Kenneth L.$f1947- 712 02$aAmerican College of Neuropsychopharmacology. 801 0$bMiAaPQ 801 1$bMiAaPQ 801 2$bMiAaPQ 906 $aBOOK 912 $a9910808303303321 996 $aNeuropsychopharmacology$92169780 997 $aUNINA LEADER 02466nam 2200625Ia 450 001 9910972984003321 005 20200520144314.0 010 $a9781580535649 010 $a158053564X 035 $a(CKB)111056486961504 035 $a(EBL)227601 035 $a(OCoLC)559836162 035 $a(SSID)ssj0000465344 035 $a(PQKBManifestationID)11314188 035 $a(PQKBTitleCode)TC0000465344 035 $a(PQKBWorkID)10445368 035 $a(PQKB)11597266 035 $a(Au-PeEL)EBL227601 035 $a(CaPaEBR)ebr10081958 035 $a(CaBNVSL)mat09100924 035 $a(IEEE)9100924 035 $a(MiAaPQ)EBC227601 035 $a(Perlego)4664118 035 $a(EXLCZ)99111056486961504 100 $a20020320d2002 uy 0 101 0 $aeng 135 $aur|n|---||||| 181 $ctxt 182 $cc 183 $acr 200 10$aAdvanced techniques in RF power amplifier design /$fSteve C. Cripps 205 $a1st ed. 210 $aBoston $cArtech House$dc2002 215 $a1 online resource (338 p.) 225 1 $aArtech House microwave library 300 $aDescription based upon print version of record. 311 08$a9781580532822 311 08$a1580532829 320 $aIncludes bibliographical references and index. 327 $aClass AB amplifiers -- Doherty and Chireix -- Some topics in PA nonlinearity -- Feedback techniques -- Predistortion techniques -- Feedforward power amplifiers -- Microwave power amplifiers. 330 $aThis much-anticipated volume builds on the author's best selling and classic work, RF Power Amplifiers for Wireless Communications (Artech House, 1999), offering experienced engineers a more in-depth understanding of the theory and design of RF power amplifiers. An invaluable reference tool for RF, digital and system level designers, the book includes discussions on the most critical topics for professionals in the field, including envelope power management schemes and linearization. 410 0$aArtech House microwave library. 606 $aPower amplifiers 606 $aAmplifiers, Radio frequency 615 0$aPower amplifiers. 615 0$aAmplifiers, Radio frequency. 676 $a621.384/12 700 $aCripps$b Steve C$028452 801 0$bMiAaPQ 801 1$bMiAaPQ 801 2$bMiAaPQ 906 $aBOOK 912 $a9910972984003321 996 $aAdvanced techniques in RF power amplifier design$94354656 997 $aUNINA